Szczegóły MARC21

Kontakty językowe w Europie Środkowej : materiały z konferencji naukowej zorganizowanej przez Wydział Filologiczny Wszechnicy Mazurskiej w Olecku w dniach 23-24.06.2003: Kontakty językowe w Europie Środkowej w perspektywie dia- i synchronicznej = Sprachkontakte in Mitteleuropa aus dia- i [!] und synchronischer Sicht /

003 -Nazwa inst., której nr kontr. jest w polu 001 [,]
    • @
    • Nazwa instytucji, której n kontrolny jest w polu 001
    • NUKAT
005 -DATA I CZAS OSTATNIEJ MODYFIKACJI [,]
    • @
    • pole kontrolne
    • 20241231100610.0
020 -Międzynarod. znormalizowany nr książki - ISBN [ , ]
    • a
    • Numer ISBN
    • 838652359X Find
040 -Instytucja sporządzająca opis [ , ]
    • a
    • Instytucja, która sporządziła opis (NP)
    • WA U/JS
    • c
    • Instytucja, która sporządziła rekord (NP)
    • WA U/JS
    • d
    • Instytucja, która zmodyfikowała rekord (P)
    • WA U/JL
    • d
    • Instytucja, która zmodyfikowała rekord (P)
    • WA N/PBrw
    • d
    • Instytucja, która zmodyfikowała rekord (P)
    • WA N/PBbps
    • d
    • Instytucja, która zmodyfikowała rekord (P)
    • WA N/PBjhs
041 -Język dokumentu [0, ]
    • a
    • Język tekstu (P)
    • polski
    • a
    • Język tekstu (P)
    • niemiecki
    • b
    • Język streszczeń lub abstraktu (P)
    • angielski
    • b
    • Język streszczeń lub abstraktu (P)
    • niemiecki
    • b
    • Język streszczeń lub abstraktu (P)
    • polski
    • b
    • Język streszczeń lub abstraktu (P)
    • rosyjski
942 -Rodzaj dokumentu [ , ]
    • c
    • Rodzaj dokumentu
    • Książka
245 -Strefa tytułu i oznaczenia odpowiedzialności [0,0]
    • a
    • Tytuł
    • Kontakty językowe w Europie Środkowej : Find
    • b
    • Ciąg dalszy tytułu (NP)
    • materiały z konferencji naukowej zorganizowanej przez Wydział Filologiczny Wszechnicy Mazurskiej w Olecku w dniach 23-24.06.2003: Kontakty językowe w Europie Środkowej w perspektywie dia- i synchronicznej = Sprachkontakte in Mitteleuropa aus dia- i [!] und synchronischer Sicht / Find
    • c
    • Pozostałe elementy strefy tytułu i oznaczenia odpowiedzialności (NP)
    • red. tomu Andrzej Kątny ; Wszechnica Mazurska w Olecku.
246 -Wariant tytułu [3,1]
    • a
    • Tytuł (NP)
    • Sprachkontakte in Mitteleuropa aus dia- und synchronischer Sicht
260 -Strefa adresu wydawniczego [ , ]
    • a
    • Miejsce wydania (P)
    • Olecko :
    • b
    • Nazwa wydawcy (P)
    • Wszechnica Mazurska,
    • c
    • Data wydania (P)
    • 2004.
300 -Strefa opisu fizycznego [ , ]
    • a
    • Określenie formy książki i/lub objętość (NP)
    • 330 s., [1] k. tabl. złoż. :
    • b
    • Oznaczenie ilustracji (NP)
    • mapa, wykr. ;
    • c
    • Format (NP)
    • 24 cm.
336 -Typ zawartości [ , ]
    • a
    • Termin opisujący typ zawartości
    • Tekst
    • b
    • Kod określający zawartość
    • txt
    • 2
    • Źródło (terminu i kodu)
    • rdacontent
337 -Typ mediów [ , ]
    • a
    • Tryb odtwarzania
    • Bez urządzenia pośredniczącego
    • b
    • Kod typu mediów
    • n
    • 2
    • Źródło (terminu i kodu)
    • rdamedia
338 -Typ/rodzaj nośnika [ , ]
    • a
    • Hasło opisujące typ nośnika
    • Wolumin
    • b
    • Kod typu nośnika
    • nc
    • 2
    • Źródło (terminu i kodu)
    • rdacarrier
490 -Strefa serii i książki wielotomowej - forma nie do wyszukiwania [1, ]
    • a
    • Tytuł (P)
    • Studia Językoznawcze Wszechnicy Mazurskiej Find
830 -Hasło dodatkowe serii i opisu książki wielotomowej - tytuł ujednolicony/tytuł [ ,0]
    • a
    • Tytuł ujednolicony/tytuł (NP)
    • Studia Językoznawcze Wszechnicy Mazurskiej
    • 9
    • KHW
    • 485251
500 -Uwaga ogólna [ , ]
    • a
    • Uwaga ogólna (NP)
    • Konf. zorganizowana w ramach Letniej Szkoły Lingwistyki Stosowanej.
504 -Uwaga dot. bibliogr. załącznikowej [ , ]
    • a
    • Uwaga dot. bibliografii załącznikowej
    • Bibliogr. przy ref.
546 -Uwaga dot. języka [ , ]
    • a
    • Uwaga dot. języka
    • Tekst częśc. niem., streszcz. ang., niem., pol., ros.
080 -Uniwersalna Klasyfikacja Dziesiętna [ , ]
    • a
    • Symbol klasyfikacji
    • 808.4-52(061)=30=84
080 -Uniwersalna Klasyfikacja Dziesiętna [ , ]
    • a
    • Symbol klasyfikacji
    • +808.1-52(061)=30=84
080 -Uniwersalna Klasyfikacja Dziesiętna [ , ]
    • a
    • Symbol klasyfikacji
    • +803.0-52(061)=30=84
651 -Hasło przedmiotowe w formie nazwy geograficznej [ ,7]
    • a
    • Nazwa geograficzna
    • Europa Środkowa
    • x
    • Określnik rzeczowy
    • języki
    • v
    • Określnik formalny
    • konferencje.
    • 2
    • Źródło terminu
    • kaba
    • 9
    • KHW
    • 648375
980 -Symbol UKD [ , ]
    • a
    • UKD
    • 808.4+808.1+803.0]-52(061)=30=84
700 -Hasło dodatkowe - nazwa osobowa [1, ]
    • a
    • Nazwa osobowa (NP)
    • Kątny, Andrzej Find
    • d
    • Daty biograficzne (NP)
    • (1949- ).
    • e
    • Określenie rodzaju współpracy
    • Red.
    • 9
    • KHW
    • 21929
711 -Hasło dodatkowe - nazwa imprezy [2, ]
    • a
    • Nazwa imprezy (NP)
    • Szkoła Letnia Lingwistyki Stosowanej
    • d
    • Data imprezy (NP)
    • (2005 ;
    • c
    • Miejsce imprezy (NP)
    • Olecko).
    • 9
    • KHW
    • 485483
920 -ISBN [ , ]
    • a
    • ISBN
    • 83-86523-59-X Find
Status udost. Sygnatura Numer inwentarzowy Lokalizacja Data inwentaryzacji
1GERM. Konferencje 10G.17410BM2005-02-23